000 01580nam a2200337 i 4500
999 _c65604
_d65604
001 768714001
003 CO-MdFUSB
005 20200827141311.0
007 ta
008 200401t1993 mau |||| |||| 00| 0 eng d
020 _a 9780943575841
040 _aCO-MdFUSB
_bspa
_cCO-MdFUSB
_dCO-MdFUSBC
_erda
041 _aeng
082 _223
_a220.61
_bM625
100 _aMickelsen, Alvera.
_eautor
242 _aEntendiendo las escrituras :
_bcómo leer y estudiar al biblia.
_linglés.
245 1 _aUnderstanding scripture
_b: how to read and study the bible.
_c/ Alvera M Mickelsen
264 1 _aMassachusetts :
_bHendrickson Publishers,
_c[1993]
264 4 _c© 1993
300 _a141 páginas
_c; 23 cm
336 _2rdacontent
_atexto
_btxt
337 _2rdamedia
_asin mediación
_bn
338 _2rdacarrier
_avolumen
_bnc
500 _aColección Dawn Christina Harrell
505 _a¿Qué podemos esperar del estudio de la Biblia? - ¿Cómo podemos saber lo que significa la Biblia? - ¿Qué hace a la Biblia diferente? - Qué buscar en las traducciones de la Biblia -Cómo se escribió y compiló la Biblia - La vida y los tiempos de la gente bíblica - ¿ De qué está hablando este pasaje? - La Biblia es rica en lenguaje figurado - Parábolas y alegorías - ¿Qué decían los profetas? - El lenguaje del Génesis y el Apocalipsis - Entender la poesía de la Biblia - ¿Cómo construimos doctrina y teología? - Reuniéndolo todo.
563 _aRústico
650 0 _916
_aBiblia
942 _cBK
945 _aJTF-925
_bAEM-53